000 00633ntaaa2200193 4500
003 01
005 20251027202518.0
008 0714s1973 ag 01
040 _aAR-BaBN
_bspa
_cAR-BaBN
_eaacr
_dRIC
082 _a181.2000 C81
100 _aCory, Isaac Preston
_924071
245 _aAncient fragments
250 _a1 ed.
260 _aLondon :
_bWilliam Pickering,
_c1832
300 _a361 p.
500 _aStudy of the philosophy and trinity of the ancient writings of the Phoenician, Chaldean, Egyptian, Tyrian, Carthaginian, Indian, Persian, and other writers. falta segein inventario 1989
650 _aFilosofia
942 _cBK
999 _c20136
_d20136